| 000 | 00812nam a22001935i 4500 | ||
|---|---|---|---|
| 001 | 169432 | ||
| 003 | ES-MaACL | ||
| 005 | 20230906214106.0 | ||
| 008 | 080911q1848 fr |||| | fre d | ||
| 080 | _a821.133.1-2"18" | ||
| 100 | 1 |
_aScribe, Eugène. _9104966 |
|
| 245 | 1 | 0 |
_aHaÿdée ou le secret _b: opéra-comique en trois actes / _cparoles de Eugéne Scribe ; musique de M. Auber ; mise en scène de M. Henry. |
| 260 |
_a[S.l. : _bs.n., _cca. 1848] ( _fF. Aureau) |
||
| 300 |
_a27 p. ; _c25 cm. |
||
| 594 | _aRepresenté pour la première fois, a Paris, sur le théâtre royal de l'Opera-Comique, le 28 décembre 1847. | ||
| 700 | 1 |
_aAuber, Daniel-François-Esprit. _923789 |
|
| 700 | 1 |
_aHenry, M. _9138535 |
|
| 852 | 4 |
_aES-MaACL _j2235-F-10 _z- Falto de portada _z- Biblioteca Jacinto Martínez Lacalle |
|
| 999 |
_c169432 _d169432 |
||